Guess the Ed Sheeran song - Statistics

General Stats
  • This quiz has been taken 171 times
  • The average score is 9 of 16
Answer Stats
Hint Answer % Correct
She played her fiddle in an Irish band Galway Girl
91%
Drivin’ at 90 down those country lanes Castle On The Hill
84%
People fall in love in mysterious ways Thinking Out Loud
76%
I whispered underneath by breath Perfect
74%
I’m in love with the Shape Of You
73%
So I’ll keep dancin’ with my Eyes Closed
67%
I feel the chemicals burn in my Bloodstream
66%
Conversations with a stranger I barely know Bad Habits
65%
Baby you want to dace ‘til the sunlight cracks Shivers
60%
I wish that heaven had Visiting Hours
49%
But the waves won’t break my Boat
41%
That heart is so cold all over my home Don’t
38%
Oh-Oh-Oh-Oh-Oh-Oh-Oh-Oh-Oh-Oh-Oh Sing
31%
ing with the woman I love 2step
25%
Time stops to still Tides
23%
Rinse and repeat it all again Celestial
17%
No matching quizzes found
Score Distribution
Percent of People with Each Score
Percentile by Number Answered
Your Score History
You have not taken this quiz